Wszystkie przedmioty szkolne - Statystyki

Ogólne statystyki
  • Ten quiz został rozwiązany 191 razy
    152 od ostatniego zresetowania
  • Średni wynik to 14 z 18
Statystyki odpowiedzi
# Odpowiedź % Poprawnych
4. Matematyka
99%
2. Język angielski
98%
1. Język polski
98%
8. WF
95%
15. Plastyka
89%
5. Biologia
87%
17. Chemia
86%
7. Historia
86%
9. Historia
86%
3. Język niemiecki
86%
18. Fizyka
85%
6. Geografia
83%
16. Muzyka
79%
13. Technika
77%
12. Religia
75%
14. Informatyka
65%
10. Wdż
42%
11. Godzina z wychowawcą
2%
Nie znaleziono quizów pasujących do podanych kryteriów
Rozkład punktacji
Procent ludzi z każdym wynikiem
Percentyl według liczby udzielonych odpowiedzi
Twoja historia wyników
Nie rozwiązałeś tego quizu od ostatniego zresetowania